Library Banner

ذوالفقار علی بھٹو (Record no. 80603)

MARC details
000 -LEADER
fixed length control field 00397nam a22001457a 4500
005 - DATE AND TIME OF LATEST TRANSACTION
control field 20151207102017.0
008 - FIXED-LENGTH DATA ELEMENTS--GENERAL INFORMATION
fixed length control field 151207b xxu||||| |||| 00| 0 eng d
040 ## - CATALOGING SOURCE
Transcribing agency PK-LaUMT
082 ## - DEWEY DECIMAL CLASSIFICATION NUMBER
Classification number MSC 923.1
Item number KOS-Z
100 ## - MAIN ENTRY--PERSONAL NAME
Personal name کوثر نیازی
245 ## - TITLE STATEMENT
Title ذوالفقار علی بھٹو
Statement of responsibility, etc کوثر نیازی
260 ## - PUBLICATION, DISTRIBUTION, ETC. (IMPRINT)
Place of publication, distribution, etc لاہور
Name of publisher, distributor, etc جنگ پبلشرز
Date of publication, distribution, etc 1989
300 ## - PHYSICAL DESCRIPTION
Extent 264 ص
942 ## - ADDED ENTRY ELEMENTS (KOHA)
Koha item type Books
Holdings
Withdrawn status Lost status Damaged status Home library Current library Date acquired Full call number Barcode Date last seen Price effective from Koha item type
      UMT Main Campus UMT Main Campus 2015-12-07 MSC 923.1 KOS-Z 95571 2015-12-07 2015-12-07 Books